| 000 | 00000nam##2200000za#4500 |
| 001 | 9.676208 |
| 003 | CaOODSP |
| 005 | 20250403105556 |
| 007 | cr ||||||||||| |
| 008 | 150407|1994||||xxc|||||o f|0| 0 fre|d |
| 040 | |aCaOODSP|bfre |
| 041 | |aeng |
| 041 | |afre |
| 043 | |an-cn--- |
| 086 | 1 |aCS95-345/1994-PDF |
| 245 | 00|aProfil des secteurs de recensement de Kingston, Oshawa et Peterborough - partie B |h[ressource électronique] |
| 260 | |aOttawa - Ontario : |bStatistique Canada |c1994. |
| 500 | |aPublication du recensement historique numérisé par Statistique Canada. |
| 590 | |a13-04-Supp|b2013-02-13 |
| 691 | 07|aRecensement|2gcpds |
| 710 | 2 |aStatistique Canada. |
| 791 | |tProfile of census tracts in Kingston, Oshawa and Peterborough - part B |eeng|w(CaOODSP)9.676207 |
| 856 | 40|ahttp://publications.gc.ca|qPDF|s7.3 Mo|uhttps://publications.gc.ca/collections/collection_2013/statcan/rh-hc/CS95-345-1994.pdf |